000 00540nam a2200193Ia 4500
005 20250508162101.0
008 008 250505s9999 xx 000 0 eng d
037 _aTextual
040 _aFEDL
_beng
_cFEDL
041 _aeng
_2eng
084 _a370.1, BAN
_qFEDL
100 _aBanerjee Nikunja Vihari
245 0 _aFuture of education
260 _aCalcutta, India
_bProgressive Publishers
_c1976
300 _axxv,195p.
650 _aEducation - Philosophy
942 _cTEXL
_h370.1, BAN
999 _c1374286
_d1374286